01080nam a22002533a 450000100060000000300080000600500170001400800410003103500190007204000270009104100080011808200220012610000430014824501590019126000410035030000320039150400390042365100350046270000240049794200120052199900170053395201390055095201370068927685BD-RjUL20211209051204.0140327s1965 enkab 001 0 eng d a(BD-RjUL)27764 aEQOcEQObengdBD-RjUL aeng a942bCHB V-3 19651 aChurchill, Winston,d1874-1965.95109614aThe Blenheim edition of A history of the English-speaking peoples /cwith an intr. and bibliogr. by R.W. Ellisn3.pThe End of the Feudal Age (1377-1485). aLondon :bCassel & co. Ltd.,cc1965. ax, 119 p. :bill. ;c20 cm. aIncludes bibliographies and index. 0aGreat BritainxHistory.9850231 aEllis, R. W.985024 2ddccBK c27685d27685 00102ddc40728NFICaRUCLbRUCLcReadingd1991-07-16eBritish Councill0o942 CHB V-3 1965r2014-03-27 00:00:00tC-1w2014-03-27yBK 00102ddc40708NFICaRUCLbRUCLcStackd1991-07-16eBritish Councill0o942 CHB V-3 1965r2014-03-27 00:00:00tC-2w2014-03-27yBK